00694 a2200145 4500003000500000005001700005040000900022082001500031100001700046245009700063260003000160300006500190505027000255650002300525Nust20230307095225.0 cNust a355.02,DAL a Dalvi, J. P aHimalayan blunder :b the curtain-raiser to the Sino-Indian War of 1962 /cName: Dalvi, J. P aBombay,bThacker,c 1969. axxi, 506 p. illusb. col. maps (part fold.),c ports. 23 cm. aPart.1 The Year of Credulity and Negligence (Page-1), Part.2 The Fateful Year -1962 (Page-107), Part.3 On to the Namka CHU (Page-165), Part.4 The End of Make – Believe (Page-245), Part.5 The Battle at the Namka CHA River (Page-307), Part.6 The reason (Page-397).  aHimalayan blunder;